Eastern Utah Libraries Catalog: Duchesne, Heber, Roosevelt, & Vernal

Full dark, no stars / (Record no. 357954)

MARC details
000 -LEADER
fixed length control field 01380aam a2200373 a 4500
001 - CONTROL NUMBER
control field ocn777792434
003 - CONTROL NUMBER IDENTIFIER
control field OCoLC
005 - DATE AND TIME OF LATEST TRANSACTION
control field 20210127112041.0
008 - FIXED-LENGTH DATA ELEMENTS--GENERAL INFORMATION
fixed length control field 111104s2011 nyu 000 1 eng d
010 ## - LIBRARY OF CONGRESS CONTROL NUMBER
Canceled/invalid LC control number 2011456098
020 ## - INTERNATIONAL STANDARD BOOK NUMBER
International Standard Book Number 9781439192603 (pbk.)
020 ## - INTERNATIONAL STANDARD BOOK NUMBER
International Standard Book Number 143919260X (pbk.)
035 ## - SYSTEM CONTROL NUMBER
System control number 1109875
040 ## - CATALOGING SOURCE
Original cataloging agency DLC
Transcribing agency UTO
Modifying agency TnLvILS
Description conventions rda
043 ## - GEOGRAPHIC AREA CODE
Geographic area code n-us---
092 ## - LOCALLY ASSIGNED DEWEY CALL NUMBER (OCLC)
Classification number F King
100 1# - MAIN ENTRY--PERSONAL NAME
Personal name King, Stephen,
Dates associated with a name 1947-
9 (RLIN) 6401153
245 10 - TITLE STATEMENT
Title Full dark, no stars /
Statement of responsibility, etc Stephen King.
250 ## - EDITION STATEMENT
Edition statement Pocket Books pbk. ed.
260 ## - PUBLICATION, DISTRIBUTION, ETC. (IMPRINT)
Place of publication, distribution, etc New York :
Name of publisher, distributor, etc Pocket Books,
Date of publication, distribution, etc 2011.
264 ## - Production, Publication, Distribution, Manufacture, and Copyright Notice.
Place of production, publication, distribution, manufacture New York :
Name of producer, publisher, distributor, manufacturer Pocket Books,
Date of production, publication, distribution, manufacture, or copyr 2011.
300 ## - PHYSICAL DESCRIPTION
Extent 532 p. ;
Dimensions 19 cm.
336 ## - Content Type
Content type term text
337 ## - Media type
Media type term unmediated
338 ## - Carrier type
Carrier type term volume
500 ## - GENERAL NOTE
General note Copyright date: 2010.
500 ## - GENERAL NOTE
General note "Includes the new short story 'Under the weather'"--Cover.
505 0# - FORMATTED CONTENTS NOTE
Formatted contents note 1922 -- Big driver -- Fair extension -- A good marriage -- Afterword -- Under the weather.
520 ## - SUMMARY, ETC.
Summary, etc In these previously unpublished short works, a man explores his dark nature, a writer confronts a stranger, a cancer patient makes a deal with the devil, and a woman makes a horrifying discovery about her husband.
650 #0 - SUBJECT ADDED ENTRY--TOPICAL TERM
Topical term or geographic name as entry element Short stories, American.
9 (RLIN) 6401154
655 #7 - INDEX TERM--GENRE/FORM
Genre/form data or focus term Horror fiction.
Source of term gsafd.
9 (RLIN) 6401155
907 ## - LOCAL DATA ELEMENT G, LDG (RLIN)
a .b27017865x
942 ## - ADDED ENTRY ELEMENTS (KOHA)
Source of classification or shelving scheme Dewey Decimal Classification
Koha item type BOOK
Holdings
Withdrawn status Lost status Source of classification or shelving scheme Damaged status Not for loan Collection code Home library Current library Shelving location Date acquired Source of acquisition Total Checkouts Total Renewals Full call number Barcode Date last seen Date checked out Cost, replacement price Price effective from Koha item type
    Dewey Decimal Classification     Fiction Wasatch County Library Wasatch County Library First Floor 08/01/2019 Donation 3 1 F King 34301001617689 10/28/2024 10/21/2024 9.99 01/27/2021 BOOK
This project was made possible through a grant from the Institute of Museum and Library Service administered by the Utah State Library Division.

Wasatch County Library

  • 465 East 1200 South, Heber City, Utah 84032
  • Phone 435-654-1511 | Fax 435-654-6456

Hours

  • Monday - Friday 9:30 AM - 8:00 PM
  • Saturday 9:30 AM - 1:30 PM
  • Closed Sundays and Holidays